Combined Analysis /

Na minha lista:
Detalhes bibliográficos
Autor principal: Chateigner, Daniel (Author)
Formato: Livro
Idioma:inglês
Publicado em: Weinheim Wiley 2010
Assuntos:
Tags: Adicionar Tag
Sem tags, seja o primeiro a adicionar uma tag!

MARC

LEADER 00000nam a22000003a 4500
001 0084746
003 SK-STU
005 20201127100917.5
007 ta
008 201127s ----xo-----e------000-0-----d
020 |a 978-1-84821-198-8 
040 |a STU  |b slo 
041 0 |a eng 
044 |a gw 
100 1 |a Chateigner, Daniel  |4 aut 
245 1 0 |a Combined Analysis /  |c aut. Daniel Chateigner 
260 |a Weinheim  |b Wiley  |c 2010 
300 |a 497 s. 
650 0 7 |a chémia tuhých látok 
996 |b 284M088492  |c M* 14395-1  |l MMKN  |s A  |a 24  |w 0084746_0001